Demystify8ing soil health: Policy push for a soil organic carbon mission (Record no. 527902)

000 -LEADER
fixed length control field 01423nam a22001577a 4500
008 - FIXED-LENGTH DATA ELEMENTS--GENERAL INFORMATION
fixed length control field 241003b ||||| |||| 00| 0 eng d
100 ## - MAIN ENTRY--PERSONAL NAME
Personal name Arumugam, Chithra
245 ## - TITLE STATEMENT
Title Demystify8ing soil health: Policy push for a soil organic carbon mission
260 ## - PUBLICATION, DISTRIBUTION, ETC. (IMPRINT)
Place of publication, distribution, etc The Administrator: Journal of LBSNAA
300 ## - PHYSICAL DESCRIPTION
Extent 63(1), Jan, 2024: p.61-74
520 ## - SUMMARY, ETC.
Summary, etc This article examines the policy imperative of strengthening soil health through a dedicated Soil Organic Carbon (SOC) mission in India. It highlights the critical role of SOC in enhancing agricultural productivity, improving resilience to climate change, and contributing to carbon sequestration. The study explores how policy frameworks can incentivize sustainable farming practices, integrate scientific monitoring, and align with global environmental commitments. By demystifying soil health and situating it within broader debates on sustainability and governance, the paper underscores the need for coordinated action between policymakers, farmers, and civil society to secure ecological balance and food security for the future.
650 ## - SUBJECT ADDED ENTRY--TOPICAL TERM
Topical term or geographic name as entry element Public Policy, Soil Health, Soil Organic Carbon, Agriculture, Sustainability, Climate Change Mitigation, Environmental Policy, India, Carbon Sequestration, Rural Development, Food Security, Policy Innovation
9 (RLIN) 59075
773 ## - HOST ITEM ENTRY
Main entry heading The Administrator: Journal of LBSNAA
906 ## - LOCAL DATA ELEMENT F, LDF (RLIN)
Subject DIP AGRICULTURE
942 ## - ADDED ENTRY ELEMENTS (KOHA)
Item type Articles
Holdings
Withdrawn status Lost status Source of classification or shelving scheme Damaged status Not for loan Permanent location Current location Date acquired Serial Enumeration / chronology Barcode Date last seen Koha item type
          Indian Institute of Public Administration Indian Institute of Public Administration 2024-10-03 63(1), Jan, 2024: p.61-74 AR133372 2024-10-03 Articles

Powered by Koha